| 000 | 00697cam a22002171 4500 | ||
|---|---|---|---|
| 001 | sa 68001203 | ||
| 003 | DLC | ||
| 005 | 20260227112431.0 | ||
| 008 | 710903s1945 ii ac 00010 eng | ||
| 010 | _asa 68001203 //r94 | ||
| 040 |
_aDLC _cDLC _dDLC |
||
| 043 | _aa-ii--- | ||
| 050 | 0 | 0 |
_aGV1693 _b.B5 |
| 100 | 1 | 0 | _aBhadhury, Manjulika. |
| 245 | 1 | 4 |
_aThe art of Hindu dance _c[by] Manjulika Bhadhury [and] Santosh Chatterjee. |
| 250 | _a[1st ed.] | ||
| 260 | 0 |
_aCalcutta _b[S. K. Chatterjee]; sole distributor: Bankim Chandra Chatterjee _c[1945] |
|
| 300 |
_a275, iii p. _billus., ports. (part col.) _c19 cm. |
||
| 650 | 0 |
_aDance _zIndia. |
|
| 700 | 1 | 0 |
_aChatterjee, Santosh Kumar, _ejoint author. |
| 999 |
_c77792 _d77792 |
||